Fr. Conceicao Rodrigues College of Engineering

Simplified Carpentry Estimating (Record no. 26461)

MARC details
000 -LEADER
fixed length control field 00308nam a2200133Ia 4500
082 ## - DEWEY DECIMAL CLASSIFICATION NUMBER
Classification number 694.1
100 ## - MAIN ENTRY--PERSONAL NAME
Personal name Wilson /J.D/ Roger/C.M
245 ## - TITLE STATEMENT
Title Simplified Carpentry Estimating
260 ## - PUBLICATION, DISTRIBUTION, ETC.
Name of publisher, distributor, etc. Simmons-Board Man.Pub
Place of publication, distribution, etc. New York
Date of publication, distribution, etc. 1975
300 ## - PHYSICAL DESCRIPTION
Extent 358
546 ## - LANGUAGE NOTE
Language note ENGLISH
654 ## - SUBJECT ADDED ENTRY--FACETED TOPICAL TERMS
Focus term Carpentry
942 ## - ADDED ENTRY ELEMENTS (KOHA)
Koha item type BOOK
Holdings
Withdrawn status Lost status Damaged status Not for loan Collection Home library Current library Shelving location Date acquired Source of acquisition Cost, normal purchase price Inventory number Total Checkouts Full call number Barcode Date last seen Cost, replacement price Price effective from Koha item type
        AFT Fr. Agnel's C.Rodrigues College of Engineering Fr. Agnel's C.Rodrigues College of Engineering   17/03/2023 UBS 111.45 T-229   694.1 AFT4315 17/03/2023 111.45 17/03/2023 BOOK